Chanson française par premiers mots #4 - Statistiques

Statistiques générales
  • Ce quiz a été pris 10 649 fois
  • Le résultat moyen est 7 sur 20
Statistiques - réponses
Paroles Titre % Correct
Non, rien de rien... Non, je ne regrette rien
89%
Qui dit étude dit travail... Alors on danse
80%
Qui a eu cette idée folle un jour d'inventer l'école... Sacré Charlemagne
66%
Depuis le temps que je patiente dans cette chambre noire... La Corrida
61%
Petite rue de casbah, au milieu de casa... l'Aziza
56%
Taille-moi les hanches à la hache... La Femme chocolat
54%
J'avais dessiné sur le sable... Aline
51%
Alors ouais j'me la raconte... La Boulette
49%
Si ce soir, j'ai pas envie d'rentrer tout seul... Casser la voix
46%
Pourquoi les gens qui s'aiment sont-ils toujours un peu les mêmes... Un Homme heureux
29%
J'ai retrouvé le sourire quand j'ai vu le bout du tunnel... Est-ce que tu m'aimes?
28%
Comme un bateau dérive sans but et sans mobile... Je marche seul
26%
Il joue avec mon cœur, il triche avec ma vie... Mon mec à moi
24%
Détourner des rivières, porter des poids... Je sais pas
21%
D'avoir passé des nuits blanches à rêver... Et un jour une femme
15%
Encore un effort, quelques mois suffiront... J'en rêve encore
13%
Il était une fois toi et moi... Lettre à France
13%
J'ai crevé l'oreiller... Vertige de l'amour
12%
Allongé, le corps est mort... C'est une belle journée
6%
Satanée pleine lune rousse triangle des Bermudes... Duel au soleil
3%
Aucun quiz correspondant
Distribution des résultats
% des personnes avec chaque résultat
Percentile par nombre de réponses
Votre historique - résultats
Vous n’avez pas pris ce quiz